000 00328nam a22001337a 4500
008 170526b xxu||||| |||| 00| 0 eng d
020 _a020112906-X
041 _aeng
080 _a621.3
100 _a25
101 _aIM
245 _aPROBABILITY AND RANDOM PROCESSES FOR ELECTRICAL ENGINEERING
_cGARCIA,A.L
942 _2udc
_cBK
999 _c14309
_d14309